1979 Britannica Book of the Year (Record no. 6376)

MARC details
000 -LEADER
fixed length control field 00610nam a2200205Ia 4500
003 - CONTROL NUMBER IDENTIFIER
control field IN-BaIIA
005 - DATE AND TIME OF LATEST TRANSACTION
control field 20230707105004.0
008 - FIXED-LENGTH DATA ELEMENTS--GENERAL INFORMATION
fixed length control field 211028s9999 xx 000 0 eng d
020 ## - INTERNATIONAL STANDARD BOOK NUMBER
International Standard Book Number 0-85229-362-3
040 ## - CATALOGING SOURCE
Transcribing agency IIA Library
080 ## - UNIVERSAL DECIMAL CLASSIFICATION NUMBER
Universal Decimal Classification number 031
Item number EBR-YB 79
100 ## - MAIN ENTRY--PERSONAL NAME
Personal name Daume, Daphne
9 (RLIN) 10944
245 #0 - TITLE STATEMENT
Title 1979 Britannica Book of the Year
Statement of responsibility, etc. Daphne, Daume and J. E. Davis
260 ## - PUBLICATION, DISTRIBUTION, ETC.
Place of publication, distribution, etc. Chicago
Name of publisher, distributor, etc. Encyclopaedia Britannica
Date of publication, distribution, etc. 1979
300 ## - PHYSICAL DESCRIPTION
Extent 768p.
650 ## - SUBJECT ADDED ENTRY--TOPICAL TERM
Topical term or geographic name entry element NASA Thesaurus
650 ## - SUBJECT ADDED ENTRY--TOPICAL TERM
Topical term or geographic name entry element Year Books
9 (RLIN) 3953
700 ## - ADDED ENTRY--PERSONAL NAME
Personal name Davis, J. E.
9 (RLIN) 10945
942 ## - ADDED ENTRY ELEMENTS (KOHA)
Koha item type Books
Source of classification or shelving scheme Dewey Decimal Classification
Holdings
Withdrawn status Lost status Source of classification or shelving scheme Damaged status Not for loan Home library Current library Shelving location Date acquired Total Checkouts Full call number Barcode Date last seen Price effective from Koha item type Purchase Price
    Dewey Decimal Classification     IIA Library-Bangalore IIA Library-Bangalore General Stacks 22/10/1979   031/ EBR-YB 79 7098 05/11/2021 22/10/1979 Books DFL 196.00

Powered by Koha